Psychology of Perception

Springernature.com

保存先:
書誌詳細
第一著者: Grondin, Simon
フォーマット: 図書
言語:Undetermined
出版事項: Springer 2016
主題:
オンライン・アクセス:http://lrc.tdmu.edu.vn/opac/search/detail.asp?aID=2&ID=40323
タグ: タグ追加
タグなし, このレコードへの初めてのタグを付けませんか!
Thư viện lưu trữ: Trung tâm Học liệu Trường Đại học Thủ Dầu Một
LEADER 00590nam a2200181Ia 4500
001 TDMU_40323
008 210410s9999 xx 000 0 und d
082 |a 363.7 
100 |a Grondin, Simon 
245 0 |a Psychology of Perception 
245 0 |c Simon Grondin 
260 |b Springer 
260 |c 2016 
300 |a 156pages 
520 |a Springernature.com 
650 |a Tâm lý học nhận thức; Psychology; Psychology of Perception  
856 |u http://lrc.tdmu.edu.vn/opac/search/detail.asp?aID=2&ID=40323 
980 |a Trung tâm Học liệu Trường Đại học Thủ Dầu Một